[Event "Las Americas Team op U2400 Hybrid"]
[Site "Internet"]
[Date "2022.05.14"]
[Round "2.8"]
[White "Tayro Chihuantito, Luis Gabriel"]
[Black "Gaibor, Ivan"]
[Result "0-1"]
[WhiteElo "1522"]
[BlackElo "1692"]
[PlyCount "98"]
[EventDate "2022.05.14"]
[EventType "team-swiss"]
[EventRounds "5"]
[EventCountry "VEN"]
[SourceTitle "EXT 2023"]
[Source "ChessBase"]
[SourceDate "2022.10.05"]
[SourceVersion "1"]
[SourceVersionDate "2022.10.05"]
[SourceQuality "1"]

1. e4 c5 2. c3 Nf6 3. e5 Nd5 4. d4 e6 5. Nf3 Nc6 6. Bc4 Be7 7. 0-0 0-0 8. Bxd5 exd5 9. dxc5 Bxc5 10. Qxd5 Be7 11. Bf4 a6 12. Nbd2 b5 13. Ne4 Qc7 14. Bg3 Bb7 15. Rad1 Rfd8 16. e6 dxe6 17. Bxc7 Rxd5 18. Bb6 Ne5 19. Nxe5 Rxe5 20. Ng3 Rd5 21. Ne2 Bf6 22. Rxd5 Bxd5 23. b3 Rc8 24. Ba5 Be4 25. Rd1 h5 26. Ng3 Bg6 27. Ne2 h4 28. Nf4 Bf5 29. h3 Be5 30. Ne2 g5 31. Rd8+ Rxd8 32. Bxd8 Bd3 33. Nc1 Bb1 34. Bxg5 Bxc3 35. a3 Bb2 36. a4 Bc2 37. axb5 axb5 38. b4 f6 39. Bd2 Kf7 40. Kf1 e5 41. Ke2 Ke6 42. Nd3 Bd4 43. g3 hxg3 44. fxg3 Kd5 45. h4 Kc4 46. h5 Bxd3+ 47. Kf3 Bc3 48. Bc1 Bxb4 49. h6 Bc3 0-1